=LDR 00000nam 2200000 4500 =001 INLIS000000000000772 =005 20240307011427 =035 ##$$a 0010-1121000325 =245 1#$$a Proses Produksi Pembuatan Hollow PT. Sukses Gatuga Timur : $b Kuliah Kerja Praktek /$c Amelin Patriati (18TIA426) =100 #$$a AMELIN Patriati =250 ##$$a 2021 =300 ##$$a vii, 25 halaman : $b Gambar ; $c 20,5x29 cm =856 ##$$a OPAC (Rak LKKP TIA 2021) =260 ##$$a Makassar :$b Politeknik ATI Makassar - Teknik Industri Agro,$c 2021 =082 ##$$a (R)2021 LKKP-TIA 818 =084 ##$$a (R)2021 LKKP-TIA 818 AME p =650 #4$$a Laporan Praktek TIA 2021 =008 240307################|##########|#|## =520 ##$$a PT. Sukses Gatuga Timur yang terletak di Jl. Kima XVI Kav. DD-5, Daya, Biring Kanaya, Kota Makassar, Sulawesi Selatan. Memproduksi produk seperti spandek, hollow, truss, stud. PT. Sukses Gatuga Timur merupakan perusahaan yang bergerak dalam produksi baja ringan, dan Memfokuskan diri di industri rangka baja jenis galvalume dan galvanize seiring dengan perkembangan zaman, sebagai bahan rangka pengganti bahan kayu. Dan untuk menjawab kebutuhan masyarakat dalam pembangunan tempat tinggal yang lebih efisien dan efektif. PT. Sukses Gatuga Timur menggunakan system Make to Order atau biasa disingkat dengan strategi MTO. Pada Strategi Make to Order (MTO), Perusahaan hanya akan melaksanakan proses produksi apabila menerima konfirmasi pesanan dari konsumen/pelanggan untuk produk tertentu. Konsumen atau Pelanggan biasanya bersedia untuk menunggu produsen (perusahaan manufakturing) untuk menyelesaikan produksinya. Make To Order (MTO) adalah system produksi yang 25 menjalankan proses produksinya merespon pesanan permintaan yang diterima. Proses produksi dilaksanakan mulai dari pengolahan bahan baku hingga menjadi produk jadi menunggu diterimanya pesanan permintaan dari konsumen. Hasil produksinya segera dikirimkan sebelum batas waktu (due date ) yang disepakati. =990 ##$$a 285/LKKP TIA 2021